00647nam a2200205 i 450000100060000000300090000600500170001500700030003200800410003510000160007624500830009226000600017530000260023549000270026149000300028870000450031883000270036383000300039085200210042058831ES-MaACL20250927103014.0t|031024s1928 fr ||||1| fre d1 aEgg, Peter.10aHansine Solstad / cPeter Egge ; traduit du norvégien par P. G. La Chesnais. aParís : bStock, c1928 (eAbbeville : fF. Paillart) aXI, 251 p. ; c19 cm.1 aLe cabinet cosmopolite1 aBibliothèque scandinave1 aLa Chesnais, Pierre Georget, d1865-19480 aLe cabinet cosmopolite0 aBibliothèque scandinave aES-MaACLjA-2230